| 000 | 01251cam a2200301 a 4500 | ||
|---|---|---|---|
| 001 | vtls003042676 | ||
| 003 | MY-SjTCS | ||
| 005 | 20241024102616.0 | ||
| 008 | 110218s1997 enka b 001 0 eng d | ||
| 020 | _a0761954368 (pbk.) | ||
| 020 | _a9780761954361 (pbk.) | ||
| 035 | _a3546196 | ||
| 039 | 9 |
_a201102181457 _bVLOAD _c200708151354 _dpushpa _y200703201707 _zpushpa |
|
| 082 | 0 | 4 |
_a306.4 _bPRO |
| 245 | 0 | 0 |
_aProduction of culture/cultures of production / _cedited by Paul du Gay. |
| 260 |
_aLondon : _bSage, in association with The Open University, _c1997. |
||
| 300 |
_a356 p. : _bill. ; _c25 cm. |
||
| 440 | 0 |
_aCulture, media, and identities _922314 |
|
| 500 | _a"D318 Book 4"--Back cover. | ||
| 504 | _aIncludes bibliographical references and index. | ||
| 505 | 0 | _a1. What in the World's going on? - 2. The production of culture - 3. Fashion: Unpacking a cultural production - 4. Circulating culture - 5. Culturing production - 6. Organizing identity: Making up people at work. | |
| 650 | 4 |
_aConsumption (Economics) _xSocial aspects _918145 |
|
| 650 | 0 |
_aCulture _xEconomic aspects. _921524 |
|
| 650 | 0 | _aCulture. | |
| 700 | 1 |
_aDu Gay, Paul. _94502 |
|
| 710 | 2 |
_aOpen University. _914344 |
|
| 920 | _aMCS: 203254, 203255, 203541, 203542 | ||
| 999 | _c166711 | ||